Statistics for Argentina with an empty map

Click here to take the quiz!

General Stats

  • This quiz has been taken 184 times
  • The average score is 18 of 24

Answers on the Map

Answers color-coded by a green-red scale on the quiz's map according to % correct below.
 

Answer Stats

Provinces% Correct
Buenos Aires
97%
Buenos Aires
97%
TIerra del Fuego
84%
Córdoba
83%
Mendoza
78%
Salta
76%
Misiones
73%
Chubut
72%
Jujuy
72%
Santa Cruz
72%
Santa Fe
72%
Entre Rios
71%
Formosa
71%
Chaco
70%
Neuquen
70%
Tucumán
70%
Corrientes
69%
La RIoja
69%
San Juan
69%
La Pampa
68%
San Luis
68%
Rio Negro
67%
Santiago del Estero
66%
Catamarca
65%

Score Distribution

Percentile by Number Answered

Percent of People with Each Score

Your Score History

You have not taken this quiz